书目信息 |
| 题名: |
材料表面涂层防火阻燃技术
|
|
| 作者: | 覃文清 , 李风 编著 | |
| 分册: | ||
| 出版信息: | 北京 化学工业出版社 2004.04 |
|
| 页数: | 475页 | |
| 开本: | 26cm | |
| 丛书名: | ||
| 单 册: | ||
| 中图分类: | U214.45 | |
| 科图分类: | ||
| 主题词: | 阻燃剂--zu ran ji , 防火涂料--fang huo tu liao | |
| 电子资源: | ||
| ISBN: | 7-5025-5231-6 | |
| 000 | 01104nam0 2200253 450 | |
| 001 | 012006467666 | |
| 005 | 20060119164636.56 | |
| 010 | @a7-5025-5231-6@dCNY62.00 | |
| 100 | @a20050529d2004 km y0chiy0120 ea | |
| 101 | 0 | @achi |
| 102 | @aCN@b110000 | |
| 105 | @aa a 000yy | |
| 200 | 1 | @a材料表面涂层防火阻燃技术@Acai liao biao mian tu ceng fang huo zu ran ji shu@f覃文清, 李风编著@Ftan wen qing,li feng bian zhu |
| 210 | @a北京@c化学工业出版社@d2004.04 | |
| 215 | @a475页@c图@d26cm | |
| 320 | @a有书目 (第473-475页)。 | |
| 330 | @a本书以实验检测和分析结果为依据, 以具体火灾实例为基础, 从阻燃的基本理论出发, 系统地阐述了各种阻燃液、阻燃膜、防火涂料的配方设计原理、生产工艺、施工特性、实际应用等方面的内容。还介绍了国外最新的科研动态和研究成果, 并透彻地分析了国内防火涂料的发展方向,对促进材料表面涂层阻燃技术特别是防火涂料应用技术的发展起到了积极的作用。 | |
| 606 | 0 | @a阻燃剂@Azu ran ji |
| 606 | 0 | @a防火涂料@Afang huo tu liao |
| 690 | @aU214.45@v4 | |
| 701 | 0 | @a覃文清@Atan wen qing@4编著 |
| 701 | 0 | @a李风@Ali feng@4编著 |
| 801 | 0 | @aCN@bQSSK@c20060119 |
| 905 | @a10447@dU214.45@eT468 | |
| 材料表面涂层防火阻燃技术/覃文清, 李风编著.-北京:化学工业出版社,2004.04 |
| 475页:图;26cm |
| ISBN 7-5025-5231-6:CNY62.00 |
| 本书以实验检测和分析结果为依据, 以具体火灾实例为基础, 从阻燃的基本理论出发, 系统地阐述了各种阻燃液、阻燃膜、防火涂料的配方设计原理、生产工艺、施工特性、实际应用等方面的内容。还介绍了国外最新的科研动态和研究成果, 并透彻地分析了国内防火涂料的发展方向,对促进材料表面涂层阻燃技术特别是防火涂料应用技术的发展起到了积极的作用。 |
| ● |
| 相关链接 |
|
|
|
正题名:材料表面涂层防火阻燃技术
索取号:U214.45/T468
 
预约/预借
| 序号 | 登录号 | 条形码 | 馆藏地/架位号 | 状态 | 备注 |
| 1 | 579044 | 205790447 | 自科库501/501自科库 49排4列4层/ [索取号:U214.45/T468] | 在馆 | |
| 2 | 579045 | 205790456 | 自科库501/501自科库 49排4列4层/ [索取号:U214.45/T468] | 在馆 |